Las Organizaciones No Gubernamentales (ONG): cincuenta años de defensa de los Derechos Humanos /

Guardat en:
Dades bibliogràfiques
Autor principal: Korey, William
Format: Text
Matèries:
Etiquetes: Afegir etiqueta
Sense etiquetes, Sigues el primer a etiquetar aquest registre!

MARC

LEADER 00000 a a2200000 04500
001 18500
003
040
100 |a Korey, William  
245 |a Las Organizaciones No Gubernamentales (ONG):   |b cincuenta años de defensa de los Derechos Humanos /  |c William Korey 
650 |a DERECHOS HUMANOS  
650 |a ORGANIZACIONES NO GUBERNAMENTALES  
773 |g volumen 3, número 3; páginas 42-48  
999 |c 38126  |d 38126